000 00348nam a2200133Ia 4500
008 240624s9999 xx 000 0 und d
041 _aeng
082 _a332.1 CAN
100 _aCANABARRO EDUARDO
245 _aCOUNTERPARTY RISK MANAGEMENT MEASUREMENT
260 _c2014
_aLondon
_bRisk Books
300 _axxii, 331 p,: 23 cm.
365 _cBPS
_b20
999 _c30975
_d30975